ICC/TAC - Groupe du club canin canadien - Statistiques

Statistiques générales
  • Ce quiz a été pris 31 fois
  • Le résultat moyen est 3 sur 7
Statistiques - réponses
Question Réponse % Correct
Trouvez l'intrus dans le groupe des chiens de sport. Dalmatien
89%
Trouvez l'intrus dans le groupe des chiens de compagnie. Saluki
78%
Trouvez l'intrus dans le groupe des chiens courants et lévriers. Retriever de la Nouvelle-Écosse
56%
Trouvez l'intrus dans le groupe des chiens terriers. Teckel à poil dur
44%
Trouvez l'intrus dans le groupe des chiens nains (miniatures). Shih Tzu
33%
Trouvez l'intrus dans le groupe des bergers. Berger d'Anatolie
22%
Trouvez l'intrus dans le groupe des chiens de travail. Shikoku
11%
Aucun quiz correspondant
Distribution des résultats
% des personnes avec chaque résultat
Percentile par nombre de réponses
Votre historique - résultats
Vous n’avez pas pris ce quiz